| 000 | 00416nam a2200157Ia 4500 | ||
|---|---|---|---|
| 008 | 221030s9999 xx 000 0 und d | ||
| 020 | _a9352165391 | ||
| 041 | _aEnglish | ||
| 100 | _aS. Ramamrutham | ||
| 245 | 0 |
_aDesign of Reinforced Concrete Structures _cby S. Ramamrutham, R. Narayan |
|
| 260 |
_bDhanpat Rai Pub _aNew Delhi _c2018 |
||
| 300 | _a1584 | ||
| 650 | _aCivil | ||
| 700 | _aR. Narayan | ||
| 942 | _cBK | ||
| 999 |
_c18289 _d18289 |
||